| 000 | 00472nam a2200181Ia 4500 | ||
|---|---|---|---|
| 001 | 25164 | ||
| 005 | 20260414151131.0 | ||
| 008 | 260414t1955||||xx |||||||||||||| ||spa|| | ||
| 041 | _aESP | ||
| 082 |
_a346.2582 _bG59 |
||
| 100 |
_aGoldstein, Mateo _eAUT |
||
| 245 | 0 |
_aEl divorcio en el derecho argentino : _blegislación de amparo de la familia |
|
| 260 | _c1955 | ||
| 300 |
_a413 pƔginas : _c22 cm. |
||
| 650 | _aDER | ||
| 654 | _aCDE | ||
| 942 |
_cLIB _dJUS _fJUS _2ddc _n |
||
| 999 |
_c25164 _d25164 |
||